000 02977nam a2200385 a 4500
001 ebr10571255
003 CaPaEBR
006 m u
007 cr cn|||||||||
008 110725s2012 dcua sb 001 0 eng d
010 _z 2011031607
020 _z9780875530055 (alk. paper)
020 _z0875530052 (alk. paper)
020 _z9780875532509 (e-book)
040 _aCaPaEBR
_cCaPaEBR
035 _a(OCoLC)794791038
050 1 4 _aRD93.5.C4
_bI55 2012eb
082 0 4 _a617.1
_223
245 0 0 _aInjury prevention for children and adolescents
_h[electronic resource] :
_bresearch, practice, and advocacy /
_ceditor, Karen DeSafey Liller.
250 _a2nd ed.
260 _aWashington, D.C. :
_bAmerican Public Health Association,
_cc2012.
300 _axxi, 461 p. :
_bill. (some col.)
504 _aIncludes bibliographical references and index.
505 0 _aEpidemiology of injuries among children and adolescents : focus on unintentional injuries / Michael F. Ballesteros and David A. Sleet -- The cost of child and adolescent injuries and the savings from prevention / Ted R. Miller ... [et al.] -- Hazards associated with common nursery products / Carol Pollack-Nelson and Dorothy Drago -- Motor vehicle and pedestrian injuries among children and adolescents : risk and prevention / Bruce G. Simons-Morton and Laura J. Caccavale -- Home injuries / Eileen M. McDonald, Deborah Girasek, and Andrea Carlson Gielen -- Adolescent employment and injury in the united states / Carol W. Runyan, Michael D. Schulman, and Lawrence E. Scholl -- Injuries in the school environment / Ellen R. Schmidt, Susan Wooley, and Stephanie Bryn -- Childhood agricultural injuries / Barbara C. Lee and Barbara Marlenga -- Sports and recreational injuries / Stephen W. Marshall ... [et al.] -- Water-related injuries of children and adolescents / Linda Quan, Karen D. Liller, and Elizabeth Bennett -- Child physical abuse and neglect / David DiLillo, Rosalita C. Maldonado, and Laura E. Watkins -- Firearm injuries / Shannon Frattaroli ... [et al.] -- Youth suicide / Lloyd Potter -- Global injuries among children and adolescents / Andres Villaveces and Catherine Vladutiu -- Moving child and adolescent injury prevention and control research into practice : a framework for translation / Michael Yonas ... [et al.].
533 _aElectronic reproduction.
_bPalo Alto, Calif. :
_cebrary,
_d2011.
_nAvailable via World Wide Web.
_nAccess may be limited to ebrary affiliated libraries.
650 0 _aChildren
_xWounds and injuries
_xPrevention.
650 0 _aChildren's accidents
_xPrevention.
650 0 _aAccidents
_xPrevention.
650 0 _aWounds and injuries
_xPrevention.
655 7 _aElectronic books.
_2local
700 1 _aLiller, Karen DeSafey.
710 2 _aAmerican Public Health Association.
710 2 _aebrary, Inc.
856 4 0 _uhttp://site.ebrary.com/lib/rucke/Doc?id=10571255
_zAn electronic book accessible through the World Wide Web; click to view
999 _c184097
_d184097